| 000 | 00456nam a2200181Ia 4500 | ||
|---|---|---|---|
| 003 | LK-CoDNM | ||
| 005 | 20241206092947.0 | ||
| 008 | 010623t1983 xxu||||| |||| 00| 1 eng d | ||
| 040 |
_aLK-CoDNM _dLK-CoDNM _eLK-CoDNM |
||
| 041 | _aeng | ||
| 080 |
_a1:294.3 _bNAN |
||
| 100 | _aBhikkhu Nanajivako | ||
| 245 | _aStudies in Comparative Philosophy | ||
| 260 |
_bLake House _aColombo _c1983 |
||
| 300 | _b214p. : 21 cm | ||
| 650 | _aBuddhism | ||
| 942 | _cBK | ||
| 999 |
_c112179 _d112179 |
||